| 000 | 00325nam a22001217a 4500 | ||
|---|---|---|---|
| 082 |
_a920 _bAMA/S |
||
| 100 | _aBRAHMACHARIAMAL | ||
| 245 | _aSWAMI VIVEKANANDA | ||
| 260 |
_aWEST BENGAL _bRAMAKRISHNA MATH AND RAMAKRISHNA MISSION |
||
| 300 | _a128 | ||
| 650 |
_aLIFE & TEACHINGS OF SWAMI VIVEKANANDA _zWEST BENGAL |
||
| 942 | _cBK | ||
| 999 |
_c5857 _d5857 |
||